[Event "Wakefield 4NCL op-B 14th"]
[Site "Wokefield"]
[Date "2017.07.14"]
[Round "1"]
[White "David, Ivan"]
[Black "Ross, Stuart"]
[Result "0-1"]
[WhiteElo "1887"]
[BlackElo "1619"]
[PlyCount "36"]
[EventDate "2017.07.14"]
[EventType "swiss"]
[EventRounds "5"]
[EventCountry "ENG"]
[SourceTitle "EXT 2018"]
[Source "ChessBase"]
[SourceDate "2017.10.13"]
[SourceVersion "1"]
[SourceVersionDate "2017.10.13"]
[SourceQuality "1"]

1. e4 c5 2. d4 cxd4 3. c3 dxc3 4. Nxc3 Nc6 5. Nf3 d6 6. Bc4 e6 7. 0-0 Nf6 8. Qe2 Be7 9. Rd1 e5 10. h3 0-0 11. Be3 Be6 12. Bb5 Qc7 13. Rac1 Rac8 14. Nd5 Qd8 15. Nxf6+ Bxf6 16. Bxc6 bxc6 17. Bxa7 Qe7 18. b3 Qxa7 0-1

[Event "Milton Keynes 4NCL Major op 11th"]
[Site "Milton Keynes"]
[Date "2016.11.05"]
[Round "3.6"]
[White "David, Ivan"]
[Black "Brocklehurst, Andrew"]
[Result "1-0"]
[WhiteElo "1853"]
[BlackElo "1877"]
[PlyCount "45"]
[EventDate "2016.11.04"]
[EventType "swiss"]
[EventRounds "5"]
[EventCountry "ENG"]
[SourceTitle "EXT 2023"]
[Source "ChessBase"]
[SourceDate "2022.10.05"]
[SourceVersion "1"]
[SourceVersionDate "2022.10.05"]
[SourceQuality "1"]

1. d4 Nf6 2. Bf4 g6 3. e3 Bg7 4. Be2 d6 5. h3 c6 6. c3 Qb6 7. Qb3 Qxb3 8. axb3 Nd5 9. Bh2 0-0 10. Nf3 Nd7 11. Nbd2 e5 12. Nc4 exd4 13. Nxd4 c5 14. Nb5 Ne5 15. Rd1 Be6 16. Nbxd6 f6 17. Nxb7 Nb6 18. Nxe5 Bxb3 19. Nxg6 hxg6 20. Nxc5 Bxd1 21. Bxd1 Rac8 22. Bb3+ Kh7 23. Ne6 1-0

[Event "BCF-chT3 1415 (4NCL)"]
[Site "England"]
[Date "2015.05.02"]
[Round "9.4"]
[White "Woolgar, Stephen"]
[Black "David, Ivan"]
[Result "0-1"]
[WhiteElo "1864"]
[BlackElo "1834"]
[PlyCount "82"]
[EventDate "2015.03.21"]
[EventType "team-swiss"]
[EventRounds "11"]
[EventCountry "ENG"]
[SourceTitle "EXT 2016"]
[Source "ChessBase"]
[SourceDate "2015.10.08"]
[SourceVersion "1"]
[SourceVersionDate "2015.10.08"]
[SourceQuality "1"]
[WhiteTeam "Throw in the Tal"]
[BlackTeam "e2e4.org.uk IV"]
[WhiteTeamCountry "ENG"]
[BlackTeamCountry "ENG"]

1. c4 Nf6 2. Nc3 g6 3. g3 d5 4. cxd5 Nxd5 5. Bg2 Nb6 6. Nf3 Bg7 7. 0-0 0-0 8. d4 c6 9. e4 Bg4 10. Ne2 Qc8 11. Qc2 Bh3 12. Be3 Bxg2 13. Kxg2 N8d7 14. a4 a5 15. Rac1 Qe8 16. b3 Nc8 17. Rfd1 Nd6 18. Qd3 h6 19. Rc2 f5 20. e5 Ne4 21. e6 Nb6 22. Ne5 Rf6 23. Nf7 Rxe6 24. Nxh6+ Kh7 25. Nf4 Rd6 26. f3 Nf6 27. Nxf5 gxf5 28. Qxf5+ Kg8 29. Rcd2 Nbd5 30. Nxd5 Nxd5 31. Bf2 Qg6 32. Qxg6 Rxg6 33. Kf1 Rd6 34. Re1 Kf7 35. Re4 Rad8 36. h4 Nf6 37. Ree2 c5 38. g4 cxd4 39. g5 Nh5 40. Re4 e5 41. Bg1 Ng3+ 0-1

[Event "Coventry e2e4 U1950 op"]
[Site "Coventry"]
[Date "2013.08.26"]
[Round "7"]
[White "David, Ivan"]
[Black "Ireland, David J"]
[Result "1-0"]
[WhiteElo "1815"]
[BlackElo "1941"]
[PlyCount "85"]
[EventDate "2013.08.23"]
[EventType "swiss"]
[EventRounds "7"]
[EventCountry "ENG"]
[SourceTitle "EXT 2015"]
[Source "ChessBase"]
[SourceDate "2014.11.20"]
[SourceVersion "1"]
[SourceVersionDate "2014.11.20"]
[SourceQuality "1"]

1. Nf3 g6 2. g3 Bg7 3. Bg2 d6 4. d4 c5 5. dxc5 Qa5+ 6. c3 Qxc5 7. Be3 Qc7 8. 0-0 Nf6 9. h3 Nc6 10. Na3 a6 11. Nc4 Be6 12. Nb6 Rd8 13. Ng5 0-0 14. Nxe6 fxe6 15. Qb3 d5 16. Rad1 Nd7 17. Nxd7 Rxd7 18. Bb6 Qe5 19. e4 d4 20. f4 Qb5 21. Qxb5 axb5 22. e5 Nxe5 23. Bxd4 Nc4 24. Bxg7 Rxd1 25. Bxf8 Rxf1+ 26. Bxf1 Kxf8 27. Bxc4 bxc4 28. Kf2 Kf7 29. Ke3 Kf6 30. Ke4 e5 31. fxe5+ Ke6 32. g4 h6 33. b3 cxb3 34. axb3 h5 35. c4 hxg4 36. hxg4 b6 37. g5 Kd7 38. Kd5 e6+ 39. Kd4 Kc6 40. b4 Kc7 41. b5 Kb7 42. c5 Ka7 43. cxb6+ 1-0

[Event "Coventry e2e4 U1950 op"]
[Site "Coventry"]
[Date "2013.08.26"]
[Round "6"]
[White "Lewis, Christopher"]
[Black "David, Ivan"]
[Result "0-1"]
[WhiteElo "1768"]
[BlackElo "1815"]
[PlyCount "66"]
[EventDate "2013.08.23"]
[EventType "swiss"]
[EventRounds "7"]
[EventCountry "ENG"]
[SourceTitle "EXT 2015"]
[Source "ChessBase"]
[SourceDate "2014.11.20"]
[SourceVersion "1"]
[SourceVersionDate "2014.11.20"]
[SourceQuality "1"]

1. e4 c5 2. Nf3 d6 3. d4 cxd4 4. Nxd4 Nf6 5. Nc3 a6 6. Be2 e5 7. Nb3 Be6 8. Bg5 Be7 9. Bxf6 Bxf6 10. Nd5 Bg5 11. a4 0-0 12. a5 Nd7 13. 0-0 Rc8 14. f3 Nf6 15. Qd3 Nxd5 16. exd5 Bd7 17. c4 g6 18. Nd2 f5 19. Rfb1 Bf4 20. g3 Qg5 21. Nf1 e4 22. Qb3 exf3 23. Bxf3 Be5 24. Qxb7 Rf7 25. Qxa6 f4 26. Kg2 fxg3 27. Nxg3 Rxf3 28. Kxf3 Bg4+ 29. Ke4 Qf4+ 30. Kd3 Qd4+ 31. Kc2 Rxc4+ 32. Kb3 Qd3+ 33. Ka2 Ra4# 0-1

[Event "Coventry e2e4 U1950 op"]
[Site "Coventry"]
[Date "2013.08.24"]
[Round "3"]
[White "David, Ivan"]
[Black "Paul, Nathanael"]
[Result "0-1"]
[WhiteElo "1815"]
[BlackElo "1875"]
[PlyCount "82"]
[EventDate "2013.08.23"]
[EventType "swiss"]
[EventRounds "7"]
[EventCountry "ENG"]
[SourceTitle "EXT 2015"]
[Source "ChessBase"]
[SourceDate "2014.11.20"]
[SourceVersion "1"]
[SourceVersionDate "2014.11.20"]
[SourceQuality "1"]

1. Nf3 Nf6 2. c4 e6 3. g3 d5 4. Bg2 Be7 5. 0-0 0-0 6. b3 b6 7. Bb2 Bb7 8. d3 Nbd7 9. e3 c6 10. Qe2 Nc5 11. Rd1 a5 12. Nbd2 Qb8 13. Rac1 Rc8 14. Ne5 a4 15. d4 Nce4 16. f3 Nxd2 17. Rxd2 axb3 18. axb3 Ba3 19. g4 Qd6 20. g5 Nd7 21. f4 Nxe5 22. fxe5 Qb4 23. Qd3 Bxb2 24. Rxb2 Ra3 25. Qc3 Qxc3 26. Rxc3 f6 27. cxd5 cxd5 28. Rxc8+ Bxc8 29. gxf6 gxf6 30. exf6 Kf7 31. e4 dxe4 32. Bxe4 h6 33. Kg2 Kxf6 34. Kg3 Ba6 35. Kh4 Ra1 36. Rf2+ Ke7 37. Rd2 Rf1 38. Kh5 Kf6 39. d5 Rf4 40. d6 Bb5 41. Bg6 Bc6 0-1

[Event "Coventry e2e4 op"]
[Site "Coventry"]
[Date "2013.08.24"]
[Round "2"]
[White "Webster, Richard J"]
[Black "David, Ivan"]
[Result "0-1"]
[WhiteElo "1952"]
[BlackElo "1815"]
[PlyCount "74"]
[EventDate "2013.08.23"]
[EventType "swiss"]
[EventRounds "7"]
[EventCountry "ENG"]
[SourceTitle "CBM 156 Extra"]
[Source "ChessBase"]
[SourceDate "2013.10.22"]
[SourceVersion "1"]
[SourceVersionDate "2013.10.22"]
[SourceQuality "1"]

1. e4 c5 2. Nf3 d6 3. d4 cxd4 4. Nxd4 Nf6 5. Nc3 a6 6. Be3 e5 7. Nb3 Be6 8. f3 Be7 9. Qd2 0-0 10. 0-0-0 a5 11. Bb5 Na6 12. Kb1 Qb8 13. g4 Nc7 14. g5 Nfe8 15. a4 Nxb5 16. Nxb5 Nc7 17. Nxa5 d5 18. Bb6 Nxb5 19. axb5 d4 20. c4 Bd8 21. Bxd8 Qxd8 22. b4 Rxa5 23. bxa5 Bxc4 24. b6 Qd6 25. f4 Rd8 26. Rc1 Qc6 27. Rxc4 Qxc4 28. Rc1 Qb5+ 29. Qb2 Qxa5 30. fxe5 d3 31. Rd1 Qa4 32. Rd2 Qxe4 33. Qc3 Qd5 34. h4 Qb5+ 35. Qb2 Qc4 36. Qa3 Qxh4 37. Qc3 Qxg5 0-1

[Event "BCF-chT2a 1213 (4NCL)"]
[Site "England"]
[Date "2013.02.23"]
[Round "5.37"]
[White "David, Ivan"]
[Black "De Coverly, Roger D"]
[Result "1/2-1/2"]
[WhiteElo "1777"]
[BlackElo "2019"]
[PlyCount "98"]
[EventDate "2012.11.03"]
[EventType "team-tourn"]
[EventRounds "7"]
[EventCountry "ENG"]
[SourceTitle "EXT 2014"]
[Source "ChessBase"]
[SourceDate "2013.11.20"]
[SourceVersion "1"]
[SourceVersionDate "2013.11.20"]
[SourceQuality "1"]
[WhiteTeam "Grantham Pandora's Box"]
[BlackTeam "Wessex"]
[WhiteTeamCountry "ENG"]
[BlackTeamCountry "ENG"]

1. d4 Nf6 2. Bf4 g6 3. e3 Bg7 4. Be2 0-0 5. h3 d6 6. Nf3 c5 7. 0-0 b6 8. Nbd2 Bb7 9. c3 Nbd7 10. a4 a6 11. Re1 Rc8 12. Qb3 Qc7 13. Bh2 Qb8 14. Bf1 Qa8 15. Red1 Ne4 16. Nxe4 Bxe4 17. Nd2 Bc6 18. f3 Qb7 19. Nc4 d5 20. Nd2 e5 21. dxc5 Nxc5 22. Qc2 Rfd8 23. b4 Ne6 24. b5 axb5 25. axb5 Be8 26. e4 Qc7 27. exd5 Qc5+ 28. Kh1 Nd4 29. Qe4 Qxc3 30. Bxe5 Bxe5 31. Qxe5 Nxb5 32. Qg5 f6 33. Qf4 f5 34. Rac1 Qxc1 35. Rxc1 Rxc1 36. Kh2 Rc5 37. Qb4 Nd6 38. Qxb6 Rcc8 39. Qd4 Bf7 40. Nc4 Nxc4 41. Bxc4 Rd6 42. h4 Rcd8 43. h5 gxh5 44. Qh4 Bxd5 45. Qg5+ Kh8 46. Bxd5 Rxd5 47. Qf6+ Kg8 48. Qg5+ Kf8 49. Qf6+ Kg8 1/2-1/2

[Event "Brighton e2e4 Major-A"]
[Site "Brighton"]
[Date "2012.02.19"]
[Round "9"]
[White "David, Ivan"]
[Black "Wells, Jonathan C"]
[Result "1/2-1/2"]
[WhiteElo "1793"]
[BlackElo "1998"]
[PlyCount "96"]
[EventDate "2012.02.15"]
[EventType "swiss"]
[EventRounds "9"]
[EventCountry "ENG"]
[SourceTitle "EXT 2014"]
[Source "ChessBase"]
[SourceDate "2013.11.20"]
[SourceVersion "1"]
[SourceVersionDate "2013.11.20"]
[SourceQuality "1"]

1. c4 c5 2. Nf3 Nc6 3. Nc3 g6 4. d4 cxd4 5. Nxd4 Bg7 6. Nxc6 bxc6 7. e4 Rb8 8. Qc2 Qc7 9. g3 Nf6 10. Bf4 e5 11. Bg5 d6 12. Bg2 Be6 13. b3 0-0 14. 0-0 Nd7 15. Rfd1 f6 16. Bc1 Rf7 17. Ba3 Bf8 18. Qd2 Nc5 19. Bxc5 dxc5 20. Qe3 Rd8 21. Rxd8 Qxd8 22. Rd1 Rd7 23. Qe2 Rd4 24. h4 Qd7 25. Kh2 Bh6 26. Bf3 Kf7 27. Na4 Bf8 28. Nb2 Rxd1 29. Qxd1 Qd4 30. Qxd4 cxd4 31. Nd3 c5 32. Bg2 Bd6 33. Bh3 f5 34. f3 Kf6 35. g4 fxg4 36. Bxg4 Bf7 37. Bc8 a5 38. a4 h5 39. Kg3 g5 40. Bf5 Be8 41. Kh3 Bc6 42. Kg3 Be7 43. hxg5+ Kxg5 44. Nxe5 h4+ 45. Kf2 Be8 46. Nd3 Bh5 47. Bh3 Bd6 48. Kg2 Kg6 1/2-1/2